<?xml version="1.0" encoding="UTF-8"?>
<record
    xmlns:xsi="http://www.w3.org/2001/XMLSchema-instance"
    xsi:schemaLocation="http://www.loc.gov/MARC21/slim http://www.loc.gov/standards/marcxml/schema/MARC21slim.xsd"
    xmlns="http://www.loc.gov/MARC21/slim">

  <leader>01302cam a2200337 ib4500</leader>
  <controlfield tag="001">2471314</controlfield>
  <controlfield tag="003">YEEZEN</controlfield>
  <controlfield tag="005">20260202145848.0</controlfield>
  <controlfield tag="008">241203s2024    ch a   g      000 0 chi d</controlfield>
  <datafield tag="020" ind1=" " ind2=" ">
    <subfield code="a">9786269852871</subfield>
    <subfield code="q">(&#x5E73;&#x88DD;) :</subfield>
    <subfield code="c">NT$450</subfield>
  </datafield>
  <datafield tag="040" ind1=" " ind2=" ">
    <subfield code="a">TCPL</subfield>
    <subfield code="b">chi</subfield>
    <subfield code="c">TCPL</subfield>
    <subfield code="d">TCPL</subfield>
    <subfield code="e">ccr</subfield>
  </datafield>
  <datafield tag="042" ind1=" " ind2=" ">
    <subfield code="a">nbic</subfield>
  </datafield>
  <datafield tag="084" ind1=" " ind2=" ">
    <subfield code="a">068.33</subfield>
    <subfield code="2">ncsclt</subfield>
  </datafield>
  <datafield tag="090" ind1=" " ind2=" ">
    <subfield code="a">068.33</subfield>
  </datafield>
  <datafield tag="100" ind1="1" ind2=" ">
    <subfield code="a">&#x8B1D;&#x5176;&#x6FEC;</subfield>
  </datafield>
  <datafield tag="245" ind1="1" ind2="0">
    <subfield code="a">&#x628A;&#x5149;&#x7167;&#x9032;&#x770B;&#x4E0D;&#x5230;&#x7684;&#x5730;&#x65B9; :</subfield>
    <subfield code="b">&#x8D85;&#x4EBA;&#x91AB;&#x5E2B;&#x5F90;&#x8D85;&#x658C; x &#x5357;&#x8FF4;&#x57FA;&#x91D1;&#x6703;&#x4EE5;&#x884C;&#x52D5;&#x91AB;&#x7642;&#x9EDE;&#x4EAE;&#x504F;&#x9109; /</subfield>
    <subfield code="c">&#x8B1D;&#x5176;&#x6FEC;&#x63A1;&#x8A2A;&#x6574;&#x7406; ; &#x91AB;&#x7642;&#x8CA1;&#x5718;&#x6CD5;&#x4EBA;&#x5357;&#x8FF4;&#x57FA;&#x91D1;&#x6703;, &#x5F90;&#x8D85;&#x658C;&#x7E3D;&#x7B56;&#x5283;</subfield>
  </datafield>
  <datafield tag="246" ind1="3" ind2="0">
    <subfield code="a">&#x8D85;&#x4EBA;&#x91AB;&#x5E2B;&#x5F90;&#x8D85;&#x658C; x &#x5357;&#x8FF4;&#x57FA;&#x91D1;&#x6703;&#x4EE5;&#x884C;&#x52D5;&#x91AB;&#x7642;&#x9EDE;&#x4EAE;&#x504F;&#x9109;</subfield>
  </datafield>
  <datafield tag="250" ind1=" " ind2=" ">
    <subfield code="a">&#x521D;&#x7248;</subfield>
  </datafield>
  <datafield tag="260" ind1=" " ind2=" ">
    <subfield code="a">&#x65B0;&#x5317;&#x5E02;&#x65B0;&#x5E97;&#x5340; :</subfield>
    <subfield code="b">&#x767C;&#x5149;&#x9AD4;&#x6587;&#x5316;&#x51FA;&#x7248; :</subfield>
    <subfield code="b">&#x9060;&#x8DB3;&#x6587;&#x5316;&#x767C;&#x884C;,</subfield>
    <subfield code="c">2024.09</subfield>
  </datafield>
  <datafield tag="300" ind1=" " ind2=" ">
    <subfield code="a">231&#x9762; :</subfield>
    <subfield code="b">&#x90E8;&#x5206;&#x5F69;&#x5716; ;</subfield>
    <subfield code="c">23&#x516C;&#x5206;</subfield>
  </datafield>
  <datafield tag="490" ind1="1" ind2=" ">
    <subfield code="a">&#x9EDE;&#x4EAE;&#x672A;&#x4F86; ;</subfield>
    <subfield code="v">04.</subfield>
  </datafield>
  <datafield tag="500" ind1=" " ind2=" ">
    <subfield code="a">&#x9644;&#x9304; : 1, &#x5357;&#x8FF4;&#x57FA;&#x91D1;&#x6703;&#x5927;&#x4E8B;&#x8A18;.-- 2,  &#x611B;&#x5FC3;&#x6350;&#x6B3E;-&#x70BA;&#x504F;&#x9109;&#x6253;&#x9020;&#x91AB;&#x7642;&#x5821;&#x58D8;, &#x9EDE;&#x4EAE;&#x5065;&#x5EB7;&#x5E0C;&#x671B;.-- 3,  &#x5357;&#x8FF4;&#x57FA;&#x91D1;&#x6703;&#x516C;&#x76CA;&#x5F71;&#x7247;</subfield>
  </datafield>
  <datafield tag="610" ind1="2" ind2="7">
    <subfield code="a">&#x5357;&#x8FF4;&#x57FA;&#x91D1;&#x6703;</subfield>
    <subfield code="2">lcstt.</subfield>
  </datafield>
  <datafield tag="650" ind1=" " ind2="7">
    <subfield code="a">&#x91AB;&#x7642;&#x793E;&#x6703;&#x5DE5;&#x4F5C;</subfield>
    <subfield code="2">lcstt.</subfield>
  </datafield>
  <datafield tag="650" ind1=" " ind2="7">
    <subfield code="a">&#x9060;&#x8DDD;&#x91AB;&#x7642;</subfield>
    <subfield code="2">lcstt.</subfield>
  </datafield>
  <datafield tag="650" ind1=" " ind2="7">
    <subfield code="a">&#x91AB;&#x7642;&#x6551;&#x6FDF;</subfield>
    <subfield code="2">lcstt.</subfield>
  </datafield>
  <datafield tag="700" ind1="1" ind2=" ">
    <subfield code="a">&#x5F90;&#x8D85;&#x658C;</subfield>
  </datafield>
  <datafield tag="710" ind1="2" ind2=" ">
    <subfield code="a">&#x91AB;&#x7642;&#x8CA1;&#x5718;&#x6CD5;&#x4EBA;&#x5357;&#x8FF4;&#x57FA;&#x91D1;&#x6703;</subfield>
  </datafield>
  <datafield tag="830" ind1=" " ind2="0">
    <subfield code="a">&#x9EDE;&#x4EAE;&#x672A;&#x4F86; ;</subfield>
    <subfield code="v">04.</subfield>
  </datafield>
  <datafield tag="942" ind1=" " ind2=" ">
    <subfield code="2">ccl</subfield>
    <subfield code="c">BOOK</subfield>
  </datafield>
  <datafield tag="999" ind1=" " ind2=" ">
    <subfield code="c">7693</subfield>
    <subfield code="d">7693</subfield>
  </datafield>
  <datafield tag="952" ind1=" " ind2=" ">
    <subfield code="0">0</subfield>
    <subfield code="1">0</subfield>
    <subfield code="2">ccl</subfield>
    <subfield code="4">0</subfield>
    <subfield code="7">0</subfield>
    <subfield code="a">yeezen</subfield>
    <subfield code="b">yeezen</subfield>
    <subfield code="c">YEEZEN</subfield>
    <subfield code="d">2026-02-02</subfield>
    <subfield code="l">2</subfield>
    <subfield code="o">068.33</subfield>
    <subfield code="p">C03277</subfield>
    <subfield code="r">2026-03-23 00:00:00</subfield>
    <subfield code="s">2026-03-09</subfield>
    <subfield code="w">2026-02-02</subfield>
    <subfield code="y">BOOK</subfield>
    <subfield code="z">&#x9762;&#x5C0D;&#x300C;&#x5357;&#x8FF4;&#x56DB;&#x9109;&#x300D;&#xFF08;&#x592A;&#x9EBB;&#x91CC;&#x3001;&#x91D1;&#x5CF0;&#x3001;&#x5927;&#x6B66;&#x548C;&#x9054;&#x4EC1;&#xFF09;&#x7684;&#x91AB;&#x7642;&#x56F0;&#x5883;&#xFF0C; &#x300C;&#x8D85;&#x4EBA;&#x91AB;&#x5E2B;&#x300D;&#x5F90;&#x8D85;&#x658C;&#x91AB;&#x5E2B;&#xFF0C;&#x770B;&#x898B;&#x4E86;&#x9019;&#x4EFD;&#x9700;&#x8981;&#xFF0C; &#x60F3;&#x8B93;&#x5728;&#x5730;&#x9109;&#x89AA;&#xFF0C;&#x80FD;&#x6709;&#x91AB;&#x6CBB;&#x75C5;&#x75DB;&#x7684;&#x91AB;&#x751F;&#x3001;&#x7167;&#x9867;&#x4E0D;&#x9069;&#x7684;&#x8B77;&#x58EB;&#xFF0C; &#x66F4;&#x6709;&#x80FD;&#x50BE;&#x807D;&#x4ED6;&#x5011;&#x7684;&#x5FC3;&#x8072;&#x3001;&#x5728;&#x4E4E;&#x4ED6;&#x5011;&#x7684;&#x5065;&#x5EB7;&#x7684;&#x7167;&#x8B77;&#x8005;&#x3002; &#x56E0;&#x8A8D;&#x540C;&#x5F90;&#x8D85;&#x658C;&#x91AB;&#x5E2B;&#x7684;&#x9019;&#x500B;&#x5922;&#x60F3;&#xFF0C; &#x6709;&#x4E00;&#x7FA4;&#x4EBA;&#x52C7;&#x6562;&#x5C55;&#x958B;&#x6F2B;&#x9577;&#x7684;&#x65C5;&#x7A0B;&#xFF0C; &#x6B77;&#x7D93;&#x8FD1;15&#x8F09;&#xFF0C;&#x4E00;&#x6B65;&#x4E00;&#x8173;&#x5370;&#x524D;&#x9032;&#x90E8;&#x843D;&#x5171;&#x5EFA;&#x5357;&#x8FF4;&#x672A;&#x4F86;&#x91AB;&#x7642;&#x9858;&#x666F;&#x3002;</subfield>
  </datafield>
</record>
